000
00335 a2200157 4500
001
63873
020
_a
857110834X (broch.)
040
_c
Anchieta - Pituba
100
_a
Whitrow, G. J.
240
1
0
_a
O que é tempo?
_l
por
245
1
0
_a
O que é tempo?
300
_a
207p.
362
0
_a
2005
650
4
_a
Cronologia
942
_c
BK
999
_c
63873
_d
63873